[Event "Modbury Championship"]
[Site "Modbury"]
[Date "2007.07.13"]
[Round "7.3"]
[White "Anderson-Smith, William"]
[Black "Wynne, David"]
[Result "1-0"]
[Annotator "Fritz 10"]
[BlackElo "1444"]
[EventCountry "AUS"]
[EventDate "2007.06.02"]
[EventRounds "9"]
[EventType "swiss"]
[PlyCount "43"]
[WhiteElo "1629"]

{ D61: Queen's Gambit Declined: Classical: 7 Qc2 } 1. d4 d5 2. c4 e6 3. Nc3 Nf6
4. Bg5 Be7 5. e3 dxc4 6. Bxc4 O-O 7. Nf3 Nbd7 8. Qc2 c5 ( 8... a6 9. a4 c5 (
9... b6 10. O-O Bb7 11. e4 Ne8 12. Bxe7 Qxe7 13. Qe2 Nd6 14. Bd3 e5 15. Nd5
Bxd5 16. exd5 e4 17. Bc2 Qf6 18. Ne5 Nxe5 19. dxe5 Qxe5 20. Bb3 a5 21. Rac1 Nb7
22. Rc3 Nc5 23. Rd1 Rad8 24. Ba2 { Maibaum,L-Simon,R/Recklinghausen 2005/CBM
107 ext/0-1  ( 41 )}  )10. O-O cxd4 ( 10... b6 11. Rfd1 cxd4 12. exd4 Qc7 13.
Qe2 h6 14. Bh4 Bd6 15. Rac1 Re8 16. Bd3 Qb8 17. Re1 Bb7 18. Ne5 Bxe5 19. dxe5
Nd5 20. Qe4 N5f6 21. Qd4 Nd5 22. Bb1 Ra7 23. Qd3 Nf8 24. Qg3 Bc6 25. Ne4 {
Botsari,A  ( 2380 ) -Voulgaridou,D  ( 2025 ) /Kallithea Chalkidiki 2003/CBM 095
ext/1-0}  )11. exd4 Nb6 12. Ba2 Bd7 13. a5 Nbd5 14. Bxd5 Nxd5 15. Nxd5 exd5 16.
Bxe7 Qxe7 17. Qc7 Rfc8 18. Qxb7 Rab8 19. Qxd5 Bc6 20. Qe5 Qb7 21. Nh4 Re8 22.
Qg3 Qxb2 23. Nf5 { Sulava,N  ( 2375 ) -Arbakov,V  ( 2475 ) /Biel 1997/CBM 060
ext/1-0  ( 31 )}  )9. O-O { Black has a cramped position. Black's piece can't
move: c8}  9... h6 $146 { Black threatens to win material: h6xg5}  ( 9... cxd4
10. Nxd4 Qa5 11. Bh4 Ne5 12. Be2 Bd7 13. Bg3 Ng6 14. Bf3 Qb6 15. Na4 Qb4 16.
Nc3 Rac8 17. a3 Qb6 18. Qb3 Qxb3 19. Nxb3 Bc6 20. Bxc6 Rxc6 21. Na5 Rb6 22. b4
Rc8 23. Rac1 Ne8 24. Na4 { Pacheco,M  ( 2304 ) -Iturry,M  ( 2222 ) /Lima
2004/CBM 099 ext/1-0  ( 74 )}  )( 9... a6 10. dxc5 Bxc5 11. Rfd1 Qc7 12. Be2 b5
13. Rac1 Bb7 14. Bxf6 Nxf6 15. Nxb5 axb5 16. b4 Bd5 17. Qxc5 Qxc5 18. bxc5 b4
19. Bc4 Rfc8 20. Bb3 Ne4 21. Bxd5 exd5 22. Rxd5 Rxa2 23. Nd4 Nc3 24. Rd7 { Daas
Hossem,E-Sarwat,W  ( 2365 ) /Tunis 2001/CBM 085 ext/0-1  ( 78 )}  )10. Bh4 b6 (
10... cxd4 11. Nxd4 Ne5 12. Be2 $14 )11. Rfd1 { Black has a cramped position} 
( 11. dxc5 $142 Qc7 12. b4 $14 )11... Qc7 $2 ( 11... Bb7 $5 $14 $142 { is
interesting} )12. Bg3 ( 12. d5 $142 Ne5 13. Be2 Nxd5 14. Rxd5 Bxh4 15. Rxe5 $18
)12... Qc6 $2 ( 12... Qb7 $16 $142)13. d5 $18 exd5 14. Nxd5 Bd8 15. Bc7 $1 {
Double attack: c6/g8}  15... Re8 $4 { the position was bad, and this mistake
simply hastens the end}  ( 15... Bxc7 16. Ne7+ { Double attack}  )16. Bxd8 Rxd8
( 16... Kf8 { there is nothing better in the position}  17. Nf4 b5 18. Bxf6
Nxf6 $18 )17. Ne7+ Kf8 18. Nxc6 Re8 19. Qd3 Bb7 20. Qd6+ Kg8 21. Nfe5 Nxe5 22.
Nxe5 ( 22. Nxe5 Rxe5 23. Qxe5 $18 ) 1-0

[Event "Modbury Championship"]
[Site "Modbury"]
[Date "2007.07.13"]
[Round "7.4"]
[White "McPherson, Erick"]
[Black "Hill, Victor"]
[Result "0-1"]
[Annotator "Fritz 10"]
[BlackElo "1216"]
[EventCountry "AUS"]
[EventDate "2007.06.02"]
[EventRounds "9"]
[EventType "swiss"]
[PlyCount "58"]
[WhiteElo "1397"]

{ C02: French: Advance Variation } 1. e4 e6 2. d4 d5 3. e5 c5 4. c3 Nc6 5. Nf3
Bd7 6. Na3 Be7 $146 ( 6... f6 7. Nc2 fxe5 8. dxe5 Qc7 9. Bf4 O-O-O 10. Be2 Nh6
11. Qd2 Nf7 12. Qe3 Be7 13. Bb5 h6 14. h4 g6 15. b4 cxb4 16. Bxc6 Qxc6 17. Nxb4
Qc4 18. Nd2 Qc5 19. Qf3 Rhf8 20. Nb3 Qb6 21. Qe3 { Dominguez
Velazquez,J-Topalov,V  ( 2460 ) /Zaragoza 1992/TD/0-1  ( 46 )}  )( 6... Qb6 7.
Be2 cxd4 8. O-O Bxa3 9. bxa3 dxc3 10. Be3 Qc7 11. Rc1 Nge7 12. Rxc3 Nf5 13. Bf4
Qa5 14. Bd2 Qd8 15. Bg5 f6 16. exf6 gxf6 17. Bc1 O-O 18. Bd3 Nce7 19. Nd4 Ng7
20. Bb1 e5 21. Rg3 { Mahdi,K  ( 2375 ) -Agrest,E  ( 2470 ) /Oberwart
1992/TD/0-1}  )( 6... cxd4 7. cxd4 Bxa3 ( 7... Qb6 8. Nc2 Rc8 9. Be2 Nb4 10.
Ne3 Bb5 11. a3 Bxe2 12. Qxe2 Nc6 13. O-O Nge7 14. Qd3 Na5 15. Bd2 Nb3 16. Rad1
Nc6 17. Bc3 Be7 18. Ne1 a6 19. N1c2 O-O 20. f4 Qb5 21. Qxb5 axb5 22. Rd3 {
Ginsburg,N  ( 2118 ) -Ramirez Gonzalez,J  ( 2151 ) /Benidorm 2003/CBM 097
ext/1/2-1/2}  )8. bxa3 Qa5+ 9. Bd2 Qxa3 10. Rb1 Nge7 11. Rxb7 Qxa2 12. Bd3 Rb8
13. Rxb8+ Nxb8 14. O-O Nbc6 15. Qc1 Qb3 16. Bc2 Qb6 17. Qa3 f5 18. Ba4 h6 19.
Rc1 Kf7 20. h3 Qa6 21. Ra1 { Asauskas,H  ( 2358 ) -Zagorskis,D  ( 2470 )
/Vilnius 2004/CBM 100 ext/0-1  ( 51 )}  )( 6... cxd4 7. cxd4 Qb6 8. Nc2 $11 )7.
Be2 f6 { Prevents intrusion on g5}  ( 7... cxd4 8. cxd4 Qa5+ 9. Bd2 $11 )8. Nc2
( 8. O-O cxd4 9. cxd4 Bxa3 10. bxa3 Nge7 $14 )8... fxe5 $11 9. Nxe5 Nf6 10.
Bh5+ Kf8 { Black loses the right to castle}  11. Nf7 { White threatens to win
material: Nf7xd8}  11... Qe8 12. Qf3 Rg8 13. Ne5 $4 { not a good decision,
because now the opponent is right back in the game}  ( 13. Bg5 $16 $142)13...
Nxe5 $17 14. dxe5 Qxh5 15. Qxh5 $2 ( 15. exf6 $142 Qe5+ 16. Be3 Qxf6 17. Qg3
$17 )15... Nxh5 $19 16. g4 Be8 ( 16... Nf6 17. exf6 gxf6 18. h3 $19 )17. Bd2 (
17. gxh5 Bxh5 18. Be3 g5 $19 )17... g5 18. gxh5 Bxh5 19. Ne3 ( 19. Rg1 Kf7 $19
)19... Ke8 20. h3 Kd7 21. Ng4 Rgf8 22. O-O-O Rf5 23. Rde1 Raf8 24. Be3 b6 25.
Reg1 Bg6 ( 25... Kc6 { might be the shorter path}  26. Rg2 $19 )26. Rg3 ( 26.
Nf6+ Bxf6 27. exf6 e5 28. Rxg5 R8xf6 29. Rxf5 Rxf5 $19 )26... h5 ( 26... Kc6
$142 { seems even better}  27. Rhg1 h5 $19 )27. Nh6 $4 { the final mistake, not
that it matters anymore}  ( 27. Nf6+ $142 Bxf6 28. exf6 $19 )27... Rxe5 28. h4
g4 29. Rg2 ( 29. Nxg4 { no good, but what else?}  29... hxg4 30. Rxg4 $19
)29... Be4 ( 29... Be4 30. Rhg1 Bxg2 31. Rxg2 Bxh4 32. Nxg4 hxg4 33. Rxg4 Bxf2
$19 ) 0-1

[Event "Modbury Championship"]
[Site "Modbury"]
[Date "2007.07.20"]
[Round "8.1"]
[White "Watters, Daniel"]
[Black "Anderson-Smith, William"]
[Result "1/2-1/2"]
[Annotator "Fritz 10"]
[BlackElo "1629"]
[EventCountry "AUS"]
[EventDate "2007.06.02"]
[EventRounds "9"]
[EventType "swiss"]
[PlyCount "105"]
[WhiteElo "1340"]

{ D00: 1 d4 d5: Unusual lines } 1. d4 d5 2. g3 c6 3. Bg2 Nf6 4. Nd2 ( 4. b3 Bf5
5. a4 e6 6. Ba3 Qa5+ 7. Qd2 Qxd2+ 8. Kxd2 Ne4+ 9. Bxe4 Bxe4 10. f3 Bg6 11. e3
Nd7 12. Bxf8 Rxf8 13. Ne2 e5 14. Na3 f6 15. Rac1 Ke7 16. Ra1 a5 17. c3 Rfe8 18.
Rhe1 Kd6 { Roumeliotis,A  ( 1875 ) -Saltaev,M  ( 2508 ) /Agios Kirikos 2006/CBM
113 ext/0-1  ( 51 )}  )4... e6 $146 ( 4... e5 5. dxe5 Ng4 6. Ngf3 Bc5 7. e3 Nd7
8. c4 Ndxe5 9. Nxe5 Nxe5 10. cxd5 O-O 11. O-O cxd5 12. Nb3 Bb6 13. Nd4 Bg4 14.
f3 Bd7 15. b3 Qf6 16. Bb2 Rfe8 17. Qd2 h5 18. Rad1 Qh6 19. h3 { Rivas Pastor,M 
( 2520 ) -Rogers,I  ( 2550 ) /Manila 1992/TD/1/2-1/2  ( 41 )}  )( 4... Bf5 5.
Nh3 Nbd7 6. f4 Ng4 7. Nf3 f6 8. Nh4 e6 9. Nxf5 exf5 10. O-O Nb6 11. c3 Qd7 12.
Nf2 Nxf2 13. Rxf2 Bd6 14. a4 a5 15. b3 O-O 16. Qd3 Rad8 17. Bb2 Qe6 18. Re1
Rfe8 19. e3 { Becker,R  ( 2159 ) -Kuebler,U  ( 1906 ) /Passau 2000/CBM 076
ext/0-1  ( 36 )}  )5. Ngf3 b5 ( 5... Bb4 6. O-O $11 )6. O-O $14 Bb7 7. Re1 Nbd7
8. b3 ( 8. e4 dxe4 9. Nxe4 Nxe4 10. Rxe4 c5 $14 )8... a5 ( 8... c5 9. Bb2 $11
)9. c4 bxc4 ( 9... Bb4 10. e4 $11 )10. bxc4 Be7 11. c5 { This push gains space}
 11... O-O 12. a4 ( 12. Qc2 Rb8 $14 )12... Qc7 13. e4 dxe4 ( 13... e5 14. exd5
Nxd5 15. Nb3 exd4 16. Nfxd4 ( 16. Qxd4 $143 Bf6 17. Qc4 Ba6 $19 )16... Nxc5 17.
Bxd5 cxd5 18. Rxe7 Qxe7 19. Ba3 $16 )14. Nxe4 Nxe4 15. Rxe4 { White has a new
backward pawn: d4. White has an active position}  15... Nf6 { Black threatens
to win material: Nf6xe4}  16. Bf4 { White threatens to win material: Bf4xc7} 
16... Qd7 ( 16... Qd8 17. Re1 $16 )17. Re2 Rfd8 18. Rb1 ( 18. Qe1 $5 $16
$142)18... Bxc5 $11 19. Qb3 ( 19. Ne5 $5 $142 { is interesting}  19... Qe7 20.
Rxb7 Qxb7 21. Nxc6 $11 )19... Bb4 $17 20. Ne5 Qe8 21. Rd1 Nd5 22. Rc2 ( 22. Bd2
Ba6 23. Ree1 Rab8 24. Bxb4 f6 $17 )22... Rac8 { Black has a cramped position} 
( 22... c5 23. Bc1 cxd4 24. Rxd4 $19 )23. Nd3 $2 ( 23. Bd2 $15 $142 { and White
is still in the game} )23... Nxf4 $19 24. Nxf4 Qd7 ( 24... Rd6 25. Nd3 Rxd4 26.
Rdc1 $19 )25. Qd3 Qd6 ( 25... Qe7 26. Qe4 Rc7 27. Qe5 $19 )26. Be4 h6 27. Qe2 (
27. Rcc1 $5 $17 $142)27... e5 $19 28. Nd3 Qxd4 ( 28... exd4 29. Qf3 $19 )29.
Nb2 ( 29. Rcc1 $5 $142 Ba6 30. Qf3 $17 )29... Qb6 30. Rxd8+ Qxd8 31. Bf5 Rc7
32. Qxe5 $2 ( 32. Be4 $19)32... Re7 33. Qf4 c5 34. Nd3 ( 34. f3 { does not win
a prize}  34... Re1+ 35. Kg2 Ba6 $19 )34... Re8 ( 34... g6 { keeps an even
firmer grip}  35. Qg4 Kh7 36. f3 $19 )35. h4 ( 35. Rc4 { a fruitless try to
alter the course of the game}  35... Bd2 $1 { Decoy: d2}  36. Qxd2 Qd5 $19
)35... Qd5 ( 35... g6 $142 { makes sure everything is clear}  36. Qg4 h5 37.
Qf4 gxf5 38. Qg5+ Qxg5 39. hxg5 $19 )36. f3 Bc8 ( 36... c4 $5 $142 { seems even
better}  37. Nf2 Bd6 38. Qg4 Qxf3 39. Qxf3 Bxf3 40. Rxc4 Bxg3 41. Nd3 $19 )37.
Bxc8 Qxd3 ( 37... Rxc8 $5 38. Qe4 Qb3 39. Nb2 $19 )38. Bf5 Qd8 ( 38... Qb3 39.
Kg2 $19 )39. Kh2 g5 ( 39... Qf6 $5 40. Qg4 $19 )40. hxg5 Qxg5 41. Qg4 { The
idea is Bf4-g4-e2-b5}  41... Kg7 42. f4 Qxg4 43. Bxg4 Rd8 44. Be2 Rd4 45. Bb5 {
Praise the bishop!}  45... Kf6 46. Kg2 Kf5 47. Kf3 Kf6 48. Rh2 { White
threatens to win material: Rh2xh6}  ( 48. Kg2 $5 $11)48... Kg7 49. Rc2 h5 {
White has a new backward pawn: g3}  50. Ke3 Rd6 51. Be2 Kh6 52. Bc4 { White
threatens to win material: Bc4xf7}  52... Kg7 53. Be2  1/2-1/2

[Event "Modbury Championship"]
[Site "Modbury"]
[Date "2007.07.20"]
[Round "8.3"]
[White "Wynne, David"]
[Black "Chilman, Alan"]
[Result "0-1"]
[Annotator "Fritz 10"]
[BlackElo "1792"]
[EventCountry "AUS"]
[EventDate "2007.06.02"]
[EventRounds "9"]
[EventType "swiss"]
[PlyCount "72"]
[WhiteElo "1444"]

{ B13: Caro-Kann: Exchange Variation and Panov-Botvinnik Attack } 1. e4 c6 2. d4
d5 3. exd5 cxd5 4. Nf3 Nc6 5. Bf4 a6 $146 { Controls b5}  ( 5... Bg4 6. c3 Qb6
( 6... Bxf3 7. Qxf3 e6 8. Nd2 Bd6 9. Bg3 Nge7 10. Bd3 O-O 11. O-O-O b5 12. Bxb5
Rb8 13. Bd3 Qb6 14. Nb3 Na5 15. Bxd6 Nxb3+ 16. axb3 Qxd6 17. Bc2 Nc6 18. Qd3 g6
19. h4 Na5 20. b4 Nc4 21. h5 { Sveshnikov,E  ( 2557 ) -Dreev,A  ( 2682 )
/Tallinn 2004/CBM 100/1-0  ( 40 )}  )7. Bc1 e6 8. Nbd2 Bd6 9. Be2 Qc7 10. O-O
Nf6 11. Re1 Ne4 12. Nf1 O-O-O 13. N3d2 Bf5 14. f3 Nf6 15. Nb3 h5 16. Be3 h4 17.
Nc1 Rdg8 18. Bd3 Bxd3 19. Nxd3 g5 20. Rc1 { Schwalbe,G-Remmler,H/Germany
1993/GER/0-1  ( 55 )}  )( 5... e6 6. c3 Bd6 7. Qd2 Nge7 8. Bd3 Ng6 9. Bg3 Qc7
10. Bxd6 Qxd6 11. O-O Bd7 12. Qg5 Nce7 13. Nbd2 h6 14. Qe3 Nf4 15. Ne5 Nxd3 16.
Qxd3 O-O 17. f4 Be8 18. Rf2 f6 19. Ng4 Bh5 20. Qg3 {
Nitschke,J-Strumpf,H/Germany 1995/Juniors/1-0  ( 37 )}  )( 5... Bf5 6. Bb5 e6
7. a3 Bd6 8. Bxd6 Qxd6 9. Nc3 Ne7 10. O-O O-O 11. h3 Rac8 12. Bd3 a6 13. Ne2
Rc7 14. Ng3 Bg6 15. Bxg6 Nxg6 16. Re1 Rfc8 17. c3 b5 18. Qd3 Nf4 19. Qd2 Na5
20. Qd1 { Sonon,B-Petre,R/Jakarta 1997/CBM 058 ext/1-0  ( 40 )}  )6. Be2 {
Black is behind in developement. Black's piece can't move: f8}  ( 6. Bd3 Bg4 7.
c3 Nf6 $14 )6... Bg4 $11 { White has a very active position}  7. Nbd2 { White
has an active position}  7... Qb6 { Black threatens to win material: Qb6xb2} 
8. Nb3 { White has a very active position}  8... e6 { White has an active
position}  9. O-O { White castles and improves king safety}  9... Nf6 10. Ne5
Bxe2 11. Qxe2 Rc8 12. c3 { Secures b4}  12... Be7 13. Rfe1 O-O { Black castles
and improves king safety}  14. Be3 Bd6 { Black threatens to win material:
Bd6xe5}  15. Rad1 Qc7 16. Nxc6 Qxc6 ( { Not } 16... Bxh2+ 17. Kh1 bxc6 18. g3
Bxg3 19. fxg3 Qxg3 20. Nc5 $14 ( 20. Qxa6 $143 Qf3+ 21. Kg1 Qg4+ 22. Kh2 Qh5+
23. Kg2 Qg6+ 24. Kh1 Ne4 $15 ))17. Bg5 Ne8 ( 17... Ne4 18. Be3 $15 )18. Qh5 {
Black king safety dropped}  18... Qd7 ( 18... h6 19. Be3 $11 )19. Re3 f6 20.
Bh4 g6 { Black threatens to win material: g6xh5}  21. Qg4 { White threatens to
win material: Qg4xe6}  21... Ng7 22. Rde1 ( 22. Qe2 b6 $11 )22... b6 {
Consolidates a5+c5}  ( 22... g5 23. Bg3 f5 24. Qxg5 f4 25. Rxe6 Rf5 $19 ( 25...
fxg3 $6 26. hxg3 Rf5 27. Qg4 $15 ))23. Nd2 $2 ( 23. Qe2 Nf5 24. Rh3 e5 $11
)23... Rce8 ( 23... g5 24. Bg3 f5 25. Qxg5 $17 )24. c4 $2 ( 24. R3e2 Qf7 $15
)24... dxc4 ( 24... Bb4 25. Rd1 g5 26. cxd5 Bxd2 27. Rxd2 gxh4 28. dxe6 Rxe6
$19 )25. d5 $2 ( 25. Nxc4 Bb4 26. Rd1 $17 ( 26. Nxb6 $2 { fails because of} 
26... Qc6 27. Rd1 Qxb6 $19 ))25... Bc5 26. R3e2 Qxd5 27. Nxc4 $6 { offers
little resistance. .}  ( 27. Qxc4 Qxc4 28. Nxc4 Nf5 $19 )27... Nf5 ( 27... g5
$5 $142 { might be the shorter path}  28. Ne3 Bxe3 29. Rxe3 gxh4 30. Rb3 $19
)28. Rd2 Qc6 ( 28... Nd4 29. Rc1 e5 30. Kh1 $19 )29. Red1 ( 29. a3 $5 e5 $19
)29... e5 30. Bg3 ( 30. b3 $19)30... Nd4 31. Ne3 ( 31. a3 f5 32. Qh3 $19 )31...
f5 32. Qh3 f4 33. Bxf4 ( 33. Kh1 { cannot change what is in store for ?}  33...
Qe6 ( 33... fxe3 $143 34. fxe3 Bb4 35. Bxe5 Bxd2 36. exd4 $19 )34. Qxe6+ Rxe6
35. Bxf4 exf4 $19 )33... Rxf4 ( 33... exf4 $142 { makes it even easier for
Black}  34. Nf1 Ne2+ 35. Kh1 f3 $19 )34. Ng4 ( 34. a3 $19 { no good, but what
else?} )34... Qe6 35. Rxd4 ( 35. b4 { is no salvation}  35... Bxb4 36. Rb2 Qxg4
37. Qxg4 Rxg4 $19 )35... Bxd4 ( 35... exd4 { and Black can already relax}  36.
Nh6+ Kg7 37. Qxe6 Rxe6 38. g3 $19 )36. Rc1 Qxg4 ( 36... Qxg4 37. Qxg4 Rxg4 $19
) 0-1

[Event "Modbury Championship"]
[Site "Modbury"]
[Date "2007.07.20"]
[Round "8.4"]
[White "Sanders, Michael J"]
[Black "Staak, Eric"]
[Result "0-1"]
[Annotator "Fritz 10"]
[BlackElo "1461"]
[EventCountry "AUS"]
[EventDate "2007.06.02"]
[EventRounds "9"]
[EventType "swiss"]
[PlyCount "60"]
[WhiteElo "1236"]

{ A01: Nimzowitsch-Larsen Opening } 1. b3 e5 2. c4 Nc6 3. Bb2 Nf6 4. e3 b6 (
4... Bd6 5. d3 ( 5. a3 O-O 6. Qc2 Re8 7. d3 Bf8 8. Nf3 d6 9. Nc3 Ne7 10. Be2
Ng6 11. O-O c6 12. Ne4 d5 13. Nxf6+ gxf6 14. Rfe1 f5 15. Bf1 Bg7 16. Rac1 Be6
17. cxd5 Qxd5 18. b4 Qb3 19. Qxb3 Bxb3 { Bezold,M  ( 2455 )
-Karpatchev,A/Neuhausen 2004/CBM 100 ext/1-0  ( 60 )}  )5... O-O 6. Nf3 Re8 7.
Be2 Bf8 8. O-O d5 9. cxd5 Nxd5 10. a3 a5 11. Qc2 f6 12. Nc3 Nxc3 13. Bxc3 Be6
14. d4 exd4 15. Nxd4 Nxd4 16. Bxd4 Kh8 17. Bh5 Re7 18. b4 c6 19. Rfc1 {
Moutousis,K  ( 2425 ) -Grivas,E  ( 2505 ) /Komotini 1993/TD/1/2-1/2}  )5. Nc3
$146 ( 5. Nf3 d6 6. d4 e4 7. d5 Nb4 8. a3 Na6 9. Nd4 Bb7 10. Nd2 g6 11. Qc2 Qe7
12. Ne2 Nc5 13. Ng3 Bg7 14. b4 Nd3+ 15. Bxd3 exd3 16. Qxd3 O-O 17. Bd4 Rfe8 18.
O-O c6 19. e4 h5 { Kalajzic,I  ( 2162 ) -Lukic,M  ( 2348 ) /Bosnjaci 2001/CBM
080 ext/1-0  ( 44 )}  )5... Bb7 6. Qc2 Nb4 { Black threatens to win material:
Nb4xc2}  7. Qf5 d6 8. a3 { White threatens to win material: a3xb4}  8... g6 {
Black threatens to win material: g6xf5}  9. Qb1 Nc6 10. b4 ( 10. Nf3 Bg7 $14
)10... Bg7 11. f3 { Controls e4+g4}  ( 11. Be2 Qd7 $11 )11... Nh5 12. g3 {
Covers f4}  12... a6 { Covers b5}  13. Nge2 f5 14. Bg2 Nf6 15. f4 Na5 16. Bxb7
Nxb7 17. e4 fxe4 ( 17... Qd7 18. O-O O-O 19. d3 $11 )18. Nxe4 $11 Nd7 ( 18...
c6 $5 $11 { deserves consideration} )19. d4 Qe7 20. d5 { White wins space}  (
20. O-O O-O $16 )20... O-O-O ( 20... O-O 21. Ng5 exf4 22. Bxg7 Qxg5 23. Bxf8
fxg3 24. hxg3 Rxf8 25. Qe4 $11 )21. Ng5 Nf8 ( 21... Bf6 $142 22. Ne6 Rde8 $16
)22. f5 $4 { simply marches past the door to victory}  ( 22. O-O $16 $142)22...
Qxg5 $19 23. Rf1 ( 23. O-O { is not much help}  23... Nd7 24. Qc2 Nf6 $19
)23... Nd7 24. Nf4 ( 24. f6 { praying for a miracle}  24... Nxf6 25. h4 $19
)24... exf4 25. Bxg7 ( 25. Rxf4 { doesn't get the bull off the ice}  25... Be5
26. Rf2 gxf5 $19 )25... Rhe8+ 26. Kf2 fxg3+ ( 26... Qh5 $142 { secures the
point}  27. Kg1 Re2 28. h4 $19 )27. hxg3 Qd2+ 28. Kg1 Re2 29. Rf3 Rg2+ 30. Kh1
Rh2+ ( 30... Rh2+ 31. Kg1 Qg2# ) 0-1

[Event "Modbury Championship"]
[Site "Modbury"]
[Date "2007.07.20"]
[Round "8.5"]
[White "Maric, Milan"]
[Black "McPherson, Erick"]
[Result "1-0"]
[Annotator "Fritz 10"]
[BlackElo "1397"]
[EventCountry "AUS"]
[EventDate "2007.06.02"]
[EventRounds "9"]
[EventType "swiss"]
[PlyCount "107"]
[WhiteElo "1354"]

{ B38: Sicilian: Maroczy Bind with 5...Bg7 and 7...0-0 } 1. e4 c5 2. Nf3 Nc6 3.
d4 cxd4 4. Nxd4 g6 5. c4 Bg7 6. Be3 d6 7. Nc3 Nf6 8. Be2 O-O 9. O-O Bd7 10. Rb1
Qc8 ( 10... Nxd4 11. Bxd4 Bc6 12. Qd3 a5 13. f4 a4 14. b4 axb3 15. axb3 Ra3 16.
c5 e5 17. fxe5 dxe5 18. Bxe5 Qxd3 19. Bxd3 Nd7 20. Bxg7 Kxg7 21. Bc4 Nxc5 22.
e5 { 1/2-1/2 Arnason,J  ( 2500 ) -Petursson,M  ( 2465 ) /Reykjavik 1984/MCL} 
)( 10... Rc8 11. Kh1 Qc7 12. Qd2 a6 13. Rbc1 Rfe8 14. f3 Qb8 15. Nd5 Nxd5 16.
cxd5 Nxd4 17. Bxd4 Bxd4 18. Qxd4 b5 19. b4 Rc7 20. Bd3 Rec8 21. Rxc7 Qxc7 22.
f4 Qc3 23. Qxc3 Rxc3 24. Rf3 Bg4 25. Rf1 { Pasemko,V-Motrenko,N/Kiev 2005/CBM
107 ext/0-1}  )11. f3 Ne5 12. b3 Ne8 $146 ( 12... Nh5 13. Qd2 Re8 14. Rbc1 Nc6
15. Nc2 Bf8 16. Rfd1 b6 17. Nd5 Qd8 18. Bg5 f6 19. Bh4 Ng7 20. f4 Ne6 21. b4
Bh6 22. Bg3 Nf8 23. Nce3 e6 24. Nc3 e5 25. Ned5 Ne6 26. Rf1 Ncd4 27. Qb2 {
Simagin,V-Nikolic,S/Kislovodsk 1968/MCD/1-0  ( 70 )}  )13. Nd5 { White
threatens to win material: Nd5xe7}  13... Qd8 14. Qd2 Nc6 15. Rbc1 e6 { Black
threatens to win material: e6xd5}  16. Nc3 a6 { Secures b5}  17. Rfd1 Rc8 (
17... f5 18. c5 $1 { taking the lead}  18... fxe4 19. cxd6 exf3 20. Bxf3 Nxd4
21. Bxd4 $16 )18. Bf2 ( 18. f4 Ne7 $16 )18... Bf6 ( 18... f5 $14)19. Be3 Bg7
20. Nc2 ( 20. Nxc6 Bxc6 21. c5 Be5 $18 )20... Qf6 $2 ( 20... f5 $5 $14 $142 {
would keep Black alive} )21. Na4 $18 Qe7 ( 21... Qd8 22. Nb6 Rb8 23. c5 $18
)22. Nb6 Rc7 $2 ( 22... Rd8 23. c5 $1 { Decoy: c5}  23... dxc5 24. Nxd7 $18
)23. Bg5 ( 23. c5 $142 { might be the shorter path}  23... Nb8 24. cxd6 Nxd6
25. Qxd6 Qxd6 26. Rxd6 Bb2 $18 )23... Bf6 ( 23... f6 24. Bf4 Ne5 25. b4 $16
)24. Bf4 ( 24. Bxf6 Qxf6 25. c5 Nb8 26. cxd6 Rc6 $18 )24... Be5 $2 ( 24... Bc8
$18 $142)25. Bg5 { White threatens to win material: Bg5xe7}  ( 25. Bxe5 { keeps
an even firmer grip}  25... Nxe5 26. f4 f6 27. fxe5 fxe5 $18 )25... Bf6 26. Bh6
Bg7 ( 26... Nb8 27. Bxf8 Qxf8 28. Qe3 $18 )27. Be3 ( 27. Bxg7 $142 { makes it
even easier for White}  27... Nxg7 28. Qxd6 Qxd6 29. Rxd6 $18 )27... Nb8 28.
Nxd7 ( 28. b4 $5 f5 29. exf5 gxf5 $16 )28... Nxd7 $16 29. f4 Ndf6 ( 29... Nc5
$5 { is worth consideration}  30. Bf3 f5 31. exf5 gxf5 $14 )30. Bf3 $16 b5 (
30... Nd7 $5 $16)31. cxb5 $18 axb5 32. Qb4 Ra7 $2 ( 32... e5 $18 $142)33. Bxa7
Qxa7+ 34. Kf1 ( 34. Kh1 Qxa2 35. Qxb5 Qa7 $18 )34... Qxa2 ( 34... Bh6 35. g3
$18 )35. Qxb5 ( 35. Na3 $5 { might be the shorter path}  35... Nxe4 36. Rc2 Bb2
37. Nxb5 d5 38. Bxe4 dxe4 $18 )35... Qa7 36. Ra1 Qc7 37. Qc4 ( 37. Ra2 d5 38.
e5 Ne4 39. Bxe4 dxe4 $18 )37... Qb8 ( 37... Qxc4+ 38. bxc4 Nh5 39. e5 dxe5 40.
fxe5 Bxe5 41. Ra8 $18 )38. Rab1 ( 38. Ra5 Nd7 $18 )38... Bh8 ( 38... Bh6 39. g3
$18 )39. b4 ( 39. Qb4 { and White can already relax}  39... Qc8 40. Rbc1 g5 41.
fxg5 Nd7 $18 )39... Kg7 $2 ( 39... d5 $5 40. exd5 Nd6 $18 )40. g3 ( 40. Qc6 {
keeps an even firmer grip}  40... Ng8 $18 )40... Ng8 $2 ( 40... d5 41. exd5
exd5 $18 )41. b5 Ne7 42. b6 Nc8 ( 42... d5 43. Qb4 Qb7 $18 )43. b7 Na7 ( 43...
Ne7 { does not improve anything}  44. Rb6 d5 45. Qc5 $18 )44. Nd4 ( 44. Rb6
$142 { makes it even easier for White}  44... Nf6 45. Rdxd6 Nc8 46. bxc8=N Qxc8
$18 )44... d5 ( 44... Nf6 { is not the saving move}  45. Qa6 e5 46. Nc6 Nxc6
47. Qxc6 $18 )45. exd5 Nd6 ( 45... exd5 { doesn't get the cat off the tree} 
46. Qxd5 Kg8 47. Ra1 $18 )46. Qb3 ( 46. Qc5 $142 { finishes off the opponent} 
46... exd5 47. Qxd5 Kg8 $18 )46... exd5 47. Bxd5 ( 47. Qxd5 Rd8 48. Ne6+ fxe6
49. Qxe6 Re8 50. Qxd6 Kh6 $18 )47... Kg8 ( 47... Kh6 { doesn't improve
anything}  48. Nf3 $18 )48. Nc6 ( 48. Qb6 $142 { and the rest is a matter of
technique}  48... Bxd4 49. Rxd4 Nxb7 $18 )48... Nxc6 49. Bxc6 Rd8 ( 49... Nf5 {
does not help much}  50. Qb6 $18 )50. Qb6 ( 50. Rxd6 $142 { and White takes
home the point}  50... Qxd6 51. b8=Q Rxb8 52. Qxb8+ Qxb8 53. Rxb8+ Kg7 $18
)50... Bf6 51. Rd5 Nc4 ( 51... Kg7 { does not save the day}  52. Qa5 $18 )52.
Rxd8+ Bxd8 53. Qd4 Na5 ( 53... Nd6 { doesn't do any good}  54. Re1 $18 )54. Bf3
( 54. Bf3 Bc7 55. Qd7 $18 ) 1-0